[Event "HUN-ch Rapid 2020"]
[Site "Ajka"]
[Date "2020.07.17"]
[Round "4.12"]
[White "Seres, Lajos"]
[Black "Krstulovic, Alex"]
[Result "0-1"]
[WhiteElo "2418"]
[BlackElo "2338"]
[Annotator "TA"]
[PlyCount "66"]
[EventDate "2020.07.17"]
[EventType "rapid"]
[EventCountry "HUN"]
[SourceTitle "playchess.com"]
[Source "ChessBase"]
[SourceQuality "1"]

{[%evp 9,66,70,98,64,121,82,141,78,131,66,45,53,67,70,50,-6,0,0,0,-2,10,-52,-34,-21,-21,-73,-51,-60,-50,-72,-60,-77,-63,-66,-17,-4,0,-128,-26,-34,-21,-49,-40,-197,0,-54,-47,-259,-273,-280,-260,-1018,-1006,-903,-889,-5025,-2241,-29991,-29992]} 1. d4 c5 2. d5 e6 3. c4 exd5 4. cxd5 f5 5. Nc3 Nf6 6. Nh3 {A43: Schmid Benoni.} g6 (6... Bd6 $14) 7. Nf4 Na6 (7... Bd6 $142) 8. h4 (8. e4 $142) 8... Qe7 {[#]} (8... Bd6 $142) 9. g3 (9. Rh3 $1 $16) 9... d6 $14 10. Bg2 Nc7 11. O-O Bg7 {[#]} 12. Qd3 $146 (12. Be3 $14) ({Predecessor:} 12. e4 fxe4 13. Nxe4 Nxe4 14. Re1 O-O 15. Bxe4 Qf6 16. Qc2 Nb5 17. Be3 Qxb2 18. Qd3 {½-½ (41) Mochalov,E (2420)-Maryasin,B Minsk 1987}) 12... O-O $11 13. Bd2 Bd7 14. Rfe1 Rae8 15. e4 ({White should play} 15. a4 $11) 15... fxe4 16. Nxe4 Bf5 {[%cal Rf6e4]} 17. f3 (17. Nxc5 $11 {remains equal.} Qf7 18. Ne4) 17... Nxe4 18. fxe4 Bd4+ 19. Kh1 Bg4 20. Be3 Bxb2 21. Rab1 Be5 {...b5 is the strong threat.} 22. Rxb7 Bc8 $36 {[%mdl 2048] Black is more active.} 23. Rbb1 (23. Rxa7 $11 Bxf4 24. Rxc7 (24. Bxf4 Rxf4 25. Rxc7 Rxh4+ 26. Kg1 Rh1+ 27. Kxh1 Qxc7 $11) 24... Qxc7 25. Bxf4) 23... Ba6 (23... g5 $17 24. hxg5 Qxg5) 24. Qd2 Qf6 25. Rec1 h6 26. Qe1 $2 (26. Rb3 $15) 26... Kh7 $2 (26... g5 $19 27. hxg5 hxg5) 27. Kg1 (27. Rb3 $11) 27... Re7 28. Bh3 $2 ({Better is} 28. Rb3 $15) 28... Bxf4 $19 {[%mdl 64] Discovered Attack} 29. Bxf4 {[#]} Nxd5 $1 {[%mdl 576] Pin} 30. Bd2 $2 (30. e5 Qg7 31. Rd1 Nxf4 32. gxf4 dxe5 33. fxe5) (30. exd5 Rxe1+) 30... Qd4+ {[%mdl 64] Double Attack} 31. Kh1 Rxe4 32. Qd1 Re2 33. Rb7+ Bxb7 {Accuracy: White = 26%, Black = 76%.} 0-1

[Event "HUN-ch Rapid 2020"]
[Site "Ajka"]
[Date "2020.07.17"]
[Round "4.13"]
[White "Ruck, Robert"]
[Black "Acs, Marton"]
[Result "1-0"]
[WhiteElo "2540"]
[BlackElo "2167"]
[Annotator "TA"]
[PlyCount "77"]
[EventDate "2020.07.17"]
[EventType "rapid"]
[EventCountry "HUN"]
[SourceTitle "playchess.com"]
[Source "ChessBase"]
[SourceQuality "1"]

{[%evp 14,77,24,29,53,28,45,26,16,15,20,33,22,24,29,0,4,-7,44,40,42,33,33,35,37,37,45,42,50,41,68,71,64,64,194,186,187,170,179,163,189,131,157,141,150,143,175,172,206,175,270,169,167,169,470,158,148,147,181,156,185,174,166,175,29990,29991]} 1. Nf3 Nf6 2. c4 e6 3. Nc3 Bb4 4. Qc2 c5 5. a3 Ba5 6. g3 Nc6 7. Bg2 O-O 8. O-O a6 {A17: English Opening: 1...Nf6 with ...Bb4.} 9. d3 Rb8 10. Rb1 d6 {White has an edge.} 11. Na2 {[#]} b5 $146 ({Predecessor:} 11... Nd4 12. Nxd4 cxd4 13. b4 Bb6 14. a4 Bd7 15. a5 Ba7 16. Ba3 Bc6 17. Rfc1 Bxg2 18. Kxg2 Ng4 19. h3 Ne5 20. b5 Bc5 21. Bxc5 dxc5 22. bxa6 {½-½ (22) Shchekachev,A (2564)-Ikonnikov,V (2566) Bethune 2005}) 12. b4 Bb6 13. cxb5 axb5 14. Nc3 cxb4 15. axb4 Nd4 ({Black should try} 15... Qd7 $11) 16. Nxd4 $14 Bxd4 17. e3 $36 {[%mdl 2048] White fights for an advantage.} Bxc3 18. Qxc3 Bb7 19. e4 d5 {[%cal Rd5e4]} 20. Bb2 Rc8 21. Qe5 dxe4 22. dxe4 Qc7 23. Qg5 Ne8 {Black cannot hold the game after this.} ({Better is} 23... h6 $14 24. Qe3 (24. Qxb5 Bxe4 25. Be5 Qc2 $11) 24... Qe7) 24. Qxb5 $18 Bc6 25. Qe2 Qb7 26. Rfd1 Nc7 27. Qe3 (27. Qg4 $18 {[%csl Gb2][%cal Rg4g7]} f6 28. b5 Nxb5 29. Qxe6+ Kh8 30. Ba1) 27... f6 28. Bd4 Nb5 29. Bc5 Rfd8 30. Bh3 Nc7 31. f3 Ra8 (31... h6 $142 32. Rdc1 Re8) 32. Rd6 Rxd6 33. Bxd6 e5 $2 {[#]} (33... Re8 {is a better chance.} 34. Ra1 Nb5) 34. Rc1 $2 (34. Bxc7 $1 $18 {and the rest is easy.} Qxc7 35. Rc1) 34... Nb5 $16 35. Bc5 Ra3 36. Qd2 Qa8 37. Kg2 {Black must now prevent Be6+.} Kh8 38. Rc2 {Bb6 is the strong threat.} Qc8 $2 {[#]} (38... Qe8 $18 39. Ra2 Rxa2 40. Qxa2 g6) 39. Bxc8 {Accuracy: White = 70%, Black = 48%.} 1-0

[Event "HUN-ch Rapid 2020"]
[Site "Ajka"]
[Date "2020.07.17"]
[Round "4.14"]
[White "Juhasz, Barbara"]
[Black "Horvath, Peter"]
[Result "1-0"]
[WhiteElo "2223"]
[BlackElo "2409"]
[Annotator "TA"]
[PlyCount "65"]
[EventDate "2020.07.17"]
[EventType "rapid"]
[EventCountry "HUN"]
[SourceTitle "playchess.com"]
[Source "ChessBase"]
[SourceQuality "1"]

{[%evp 14,65,24,23,31,29,33,14,21,20,26,10,27,22,22,11,9,12,26,25,158,145,275,266,279,274,274,268,460,458,462,454,436,445,531,527,529,524,529,529,527,456,519,527,495,495,1872,1853,1748,1543,29990,29991,29992,29993]} 1. e4 c5 2. Nf3 Nc6 3. Bb5 g6 4. Bxc6 dxc6 5. d3 Bg7 6. O-O Nf6 7. h3 O-O 8. Nc3 b6 {B31: Sicilian: 2...Nc6 3 Bb5 g6.} 9. a4 a5 10. Be3 Re8 {The position is equal.} 11. Qd2 e5 12. Bh6 Qd6 13. Bxg7 Kxg7 14. Rae1 {[#]} Nh5 $146 ({Predecessor:} 14... Nd7 15. Nh2 c4 16. f4 cxd3 17. cxd3 f6 18. Ng4 h5 19. fxe5 Qd4+ 20. Ne3 Nxe5 {1-0 (31) Kaasen,T (2405)-Bettalli,F (2164) Budva 2019}) 15. Ne2 Ra7 16. Qc3 f6 {[#] Black is now going downhill.} (16... Rae7 $11) 17. g4 $1 $16 Nf4 (17... Kh8 $16 {might work better.}) 18. Nxf4 $18 exf4 {[#]} 19. e5 $1 {[%cal Re5d6]} fxe5 20. Nxe5 Kg8 $2 {[#]} (20... Qd4 21. Qxd4 (21. Nxc6 Qxc3 22. bxc3 Rxe1 $16) 21... cxd4) 21. Nc4 $1 {[%csl LRb6,LRd6,LRe8][%mdl 576] Double Attack, Discovered Attack} Qd8 22. Rxe8+ Qxe8 23. Nxb6 Rf7 24. Re1 Qf8 25. Nxc8 Qxc8 26. Qxc5 {[%mdl 4096] Endgame KQR-KQR} f3 27. Qc4 {Re7 is the strong threat.} Kg7 28. Qd4+ Kg8 29. Re5 h5 (29... Qd7 $142 30. Qxd7 Rxd7 31. Rxa5 Kf7) 30. Qe4 Kg7 31. Re6 hxg4 32. Qxg6+ Kf8 33. Qh6+ {Accuracy: White = 96%, Black = 46%.} 1-0

[Event "HUN-ch Rapid 2020"]
[Site "Ajka"]
[Date "2020.07.17"]
[Round "4.15"]
[White "Terbe, Zsuzsanna"]
[Black "Bagi, Mate"]
[Result "0-1"]
[WhiteElo "2192"]
[BlackElo "2478"]
[Annotator "TA"]
[PlyCount "50"]
[EventDate "2020.07.17"]
[EventType "rapid"]
[EventCountry "HUN"]
[SourceTitle "playchess.com"]
[Source "ChessBase"]
[SourceQuality "1"]

{[%evp 18,50,0,-31,-29,-31,-24,-31,-23,-33,-33,-43,-39,-43,-43,-94,9,9,33,36,68,66,53,62,41,-51,-51,-52,-45,-155,-157,-459,-458,-851,-829]} 1. d4 Nf6 2. Bf4 g6 3. e3 Bg7 4. Nf3 d6 5. h3 O-O 6. Be2 Nbd7 7. O-O Qe8 8. Bh2 e5 9. c4 Ne4 10. Nc3 (10. Bd3 {keeps more tension.} f5 11. Qc2 Nef6 12. Be2 Ne4 13. Bd3) 10... Nxc3 {A48: 1 d4 Nf6 2 Nf3 g6: Torre, London and Colle Systems.} 11. bxc3 b6 12. Nd2 Bb7 {[#] Black is slightly better.} 13. Nb3 $146 ({Predecessor:} 13. Bf3 e4 14. Be2 f5 15. Nb3 g5 16. c5 f4 17. cxd6 cxd6 18. Nd2 Qg6 19. Bc4+ {0-1 (56) Salman,N (2330)-Smirin,I (2535) Philadelphia 1990}) 13... a5 14. a4 Qe7 15. Rb1 Bc6 16. Nc1 ({White should try} 16. Ra1 $15) 16... e4 {[#]} (16... exd4 $17 17. cxd4 {[#]} Bxg2 $1 {[%mdl 576] Decoy} 18. Kxg2 Qe4+ {[%mdl 64] Double Attack} 19. Bf3 Qxb1 20. Bxa8 Rxa8) 17. c5 $1 $11 {[%mdl 512]} d5 (17... bxc5 18. d5) 18. Bxc7 bxc5 19. Bb5 Qf6 20. dxc5 Nxc5 21. c4 (21. Bb6 $14 Qd6 22. c4) 21... dxc4 $1 $15 22. Qd6 Bxb5 23. Qxc5 ({Only move:} 23. axb5 $15 Qxd6 24. Bxd6) 23... Bxa4 $17 {And now ...Qc6 would win.} 24. Bxa5 $2 (24. Rb6 $17 Qc3 25. Ne2) 24... Rfc8 $19 25. Qb4 (25. Qd5 $142 Bc6 26. Qc5) 25... Bc2 {Accuracy: White = 54%, Black = 78%.} 0-1

[Event "HUN-ch Rapid 2020"]
[Site "Ajka"]
[Date "2020.07.17"]
[Round "4.17"]
[White "Mester, Gyula"]
[Black "Udvardi, Zalan"]
[Result "1-0"]
[WhiteElo "2341"]
[BlackElo "2224"]
[Annotator "TA"]
[PlyCount "83"]
[EventDate "2020.07.17"]
[EventType "rapid"]
[EventCountry "HUN"]
[SourceTitle "playchess.com"]
[Source "ChessBase"]
[SourceQuality "1"]

{[%evp 9,83,5,32,7,28,4,31,23,19,10,18,10,14,-7,0,-1,0,-2,12,16,8,0,43,30,82,85,83,81,83,83,83,78,76,72,83,83,83,77,112,112,112,112,112,112,112,106,106,106,106,106,112,112,112,106,106,106,106,106,106,106,106,106,106,28,59,59,59,8,1814,1569,29983,29984,29984,29985,29987,29988]} 1. d4 Nf6 2. c4 e6 3. Nc3 Bb4 4. e3 O-O 5. Bd3 c6 6. Nge2 {E47: Nimzo-Indian: Rubinstein: 5 Bd3 without ...d5.} d5 7. a3 Ba5 8. O-O {White is slightly better.} Nbd7 {[#]} 9. f4 $146 ({Predecessor:} 9. b4 Bc7 10. f4 dxc4 11. Bxc4 b5 12. Bd3 a5 13. Bd2 axb4 14. axb4 Rxa1 15. Qxa1 {½-½ (49) Partys,P (1976)-Bartos,J (2196) Teplice 2013}) 9... Bc7 10. c5 a5 11. Bd2 $36 {[%mdl 2048] Black is under pressure.} b6 12. b4 Ba6 13. Nc1 axb4 14. axb4 Bxd3 15. Nxd3 b5 16. Qc2 Ne4 (16... Qc8 $11) 17. Nxe4 $16 dxe4 {[#]} 18. Ne5 $1 Nxe5 19. Rxa8 Qxa8 20. fxe5 f5 21. exf6 $1 Rxf6 22. Rxf6 gxf6 23. Qxe4 Qa1+ 24. Kf2 Qa2 25. Ke1 Qd5 26. Qxd5 exd5 {[%mdl 4096] Endgame KB-KB} 27. h3 h5 28. Ke2 f5 29. Kf3 Kg7 30. Be1 Kg6 31. Bg3 Bd8 32. Bd6 Bg5 33. Bc7 h4 34. Bb8 Kh5 35. Bf4 {[#] Threatens to win with Bxg5.} Bf6 36. g4+ (36. Bc7 $16) 36... hxg3 37. Bxg3 {And now Kf4 would win.} ({Reject} 37. Kxg3 Bh4+ 38. Kg2 Be1 $15) 37... Bg5 38. h4 ({White should try} 38. Bf2 $14) 38... Bh6 $2 {[%mdl 8192] Loses the game.} (38... Bd8 $11) 39. Bf4 $18 Bxf4 40. Kxf4 {White mates.} Kxh4 41. Kxf5 Kg3 42. e4 {Accuracy: White = 90%, Black = 73%.} 1-0

[Event "HUN-ch Rapid 2020"]
[Site "Ajka"]
[Date "2020.07.17"]
[Round "4.18"]
[White "Molnar, Bela"]
[Black "Frink, Ferenc"]
[Result "0-1"]
[WhiteElo "2307"]
[BlackElo "2075"]
[Annotator "TA"]
[PlyCount "60"]
[EventDate "2020.07.17"]
[EventType "rapid"]
[EventCountry "HUN"]
[SourceTitle "playchess.com"]
[Source "ChessBase"]
[SourceQuality "1"]

{[%evp 13,60,33,35,33,30,0,0,0,0,0,0,0,0,0,6,-13,12,-14,0,-7,0,-191,-108,-375,-355,-380,-377,-425,-433,-766,-741,-991,-989,-1048,-1026,-1339,-1288,-1156,-849,-29993,-3504,-29985,-29985,-29987,-29988,-29987,-29989,-29971,-3333]} 1. e4 Nc6 2. d4 e5 3. Nf3 exd4 4. Bc4 Bc5 5. c3 d3 6. b4 Bb6 7. O-O d6 8. Qxd3 {C44: Ponziani Opening and Scotch Gambit.} Nf6 9. Bg5 h6 10. Bh4 {The position is equal.} O-O 11. Nbd2 {[#]} Ne5 $146 ({Predecessor:} 11... Qe7 12. Bb3 Bg4 13. Rfe1 Rad8 14. Nc4 Bxf3 15. Qxf3 Ne5 16. Qf5 Nxc4 17. Bxc4 Qe5 {0-1 (56) Bastian,H (2361)-Hundack,R (2139) Saarbruecken 2009}) 12. Nxe5 dxe5 13. Qc2 Qe7 14. Nb3 Be6 15. Qe2 Rad8 16. a4 {Black must now prevent a5.} a6 17. Rad1 $2 (17. Bxe6 $11 Qxe6 18. a5) 17... g5 (17... Rxd1 $1 $19 18. Rxd1 g5) 18. Bxe6 $4 {[%mdl 8192]} (18. Rxd8 $17 {was the only defense.} Rxd8 19. Bg3) 18... Qxe6 $19 ({Not} 18... fxe6 19. Bg3 $16) 19. Bxg5 hxg5 20. Nd2 Qg4 21. Qc4 (21. Rde1 $142) 21... Rd7 22. h3 Qf4 23. a5 Ba7 24. Nf3 Rxd1 25. Rxd1 Nxe4 26. Qxc7 Nxf2 (26... Bxf2+ $142 27. Kf1 Qe3 28. g3 Qxf3 {[%mdl 64] Double Attack} 29. Qxf7+ Rxf7 30. Rd8+ Kh7 $1 {[%mdl 512]} 31. Rh8+ Kxh8 32. g4 Ng3#) 27. Rf1 Ne4+ {Black mates.} 28. Nd4 Qe3+ {[%mdl 64] Double Attack} 29. Kh2 exd4 30. Rf3 {[#]} Qxf3 {White got outplayed after the opening. Accuracy: White = 41%, Black = 70%.} (30... Bb8 $142 $1 31. Qxb8 Rxb8 32. c4 Qe1 33. b5 Qxa5 34. Kg1 axb5 35. cxb5 d3 36. Rf1 Qxb5 37. Re1 d2 38. Rd1 Qe2 39. Ra1 Rc8 40. Rb1 d1=Q+ 41. Rxd1 Qxd1+ 42. Kh2 Rc1 43. g4 Qh1#) 0-1

[Event "HUN-ch Rapid 2020"]
[Site "Ajka"]
[Date "2020.07.17"]
[Round "4.19"]
[White "Forgacs, Attila"]
[Black "Szelenyi, Norbert"]
[Result "0-1"]
[WhiteElo "2121"]
[BlackElo "2283"]
[Annotator "TA"]
[PlyCount "70"]
[EventDate "2020.07.17"]
[EventType "rapid"]
[EventCountry "HUN"]
[SourceTitle "playchess.com"]
[Source "ChessBase"]
[SourceQuality "1"]

{[%evp 31,70,25,75,49,54,47,43,-60,0,12,140,-50,-49,-91,-86,-153,-147,-180,-137,-230,-224,-305,-298,-292,-247,-246,-182,-275,-262,-686,-744,-730,-687,-1577,-1520,-1552,-1113,-29985,-5402,-29995,-5118]} 1. e4 c5 2. Nf3 a6 3. c4 e6 4. d4 cxd4 5. Nxd4 Nf6 6. Nc3 d6 7. Be3 Be7 8. Be2 O-O 9. O-O b6 10. Qd2 Bb7 11. f3 Nbd7 12. Rfd1 Rc8 13. Rac1 Re8 14. Bf1 Qc7 15. b3 Qb8 16. Qf2 Bd8 17. Kh1 {A31: Symmetrical English: 2 Nf3 Nf6 3 d4.} Bc7 18. Nde2 {[#]} h6 $146 ({Predecessor:} 18... Ba8 19. Ng3 Ne5 20. Na4 Nfd7 21. b4 Bd8 22. Qd2 Be7 23. Bg1 b5 24. Nb2 Bc6 25. cxb5 Bxb5 {1-0 (71) Perez Manas,B (2331)-Iniyan,P (2380) Barbera del Valles 2017}) 19. g4 (19. Ng3 $14) 19... b5 (19... d5 $1 $15 20. exd5 (20. cxd5 exd5 21. exd5 Bd6 $11) 20... exd5 21. cxd5 Bd6) 20. cxb5 $11 axb5 {[#]} (20... d5 $11) 21. Nxb5 $2 (21. Ba7 $1 $16 {[%cal Ra7b8]} Qa8 22. Nxb5) 21... Nxe4 $15 22. Qg2 Ng5 23. Ned4 ({White should play} 23. Ng1 Nxf3 24. Nxf3 (24. Rxc7 $2 Rxc7 25. Nxf3 Ne5 $19) (24. Nxc7 $2 Nh4 $19 {[%mdl 64] Pin})) 23... Ne5 $17 {[%cal Rg5f3]} 24. Bxg5 hxg5 25. a4 (25. Nxc7 $17 {keeps fighting.} Rxc7 26. Rxc7 Qxc7 27. Qe2) 25... Bb6 $19 26. Rxc8 Rxc8 ({Weaker is} 26... Bxc8 27. Qd2 $15) 27. Qg3 Rd8 28. Bg2 Ng6 29. Qe1 {[#]} (29. b4 {was called for.}) 29... Qa8 $1 30. Qe3 $2 (30. Qf1) 30... e5 31. Qxg5 exd4 32. Nxd4 Bxd4 33. Rxd4 Bxf3 {Threatens to win with ...Re8.} 34. Qd2 Nh4 {[%cal Rf3g2]} 35. Bxf3 Nxf3 {Accuracy: White = 13%, Black = 65%.} (35... Qxf3+ $142 36. Kg1 Qxb3 37. Rxd6 Re8 38. Rd8 Nf3+ 39. Kf2 Nxd2 40. Rxe8+ Kh7 41. Ke2 Qxa4 42. Re3 Qc2 43. Kf2 Qd1 44. Re8 Qf1+ 45. Ke3 Qe1+ 46. Kd4 Qxe8 47. Kd3 Qd7+ 48. Kc3 Ne4+ 49. Kc4 Qxg4 50. Kd4 f5 51. Ke5 Qe2 52. h4 Qb5+ 53. Ke6 Qc5 54. h5 Qd6+ 55. Kf7 Qd7+ 56. Kf8 Qd8+ 57. Kf7 Ng5#) 0-1

[Event "HUN-ch Rapid 2020"]
[Site "Ajka"]
[Date "2020.07.17"]
[Round "4.20"]
[White "Egresi, Mate"]
[Black "Miszler, Levente"]
[Result "1-0"]
[WhiteElo "2362"]
[BlackElo "2268"]
[Annotator "TA"]
[PlyCount "151"]
[EventDate "2020.07.17"]
[EventType "swiss"]
[EventCountry "HUN"]
[SourceTitle "playchess.com"]
[Source "ChessBase"]
[SourceQuality "1"]

{[%evp 17,151,14,27,0,0,0,14,0,0,0,0,0,0,0,0,0,0,-5,-6,-22,-20,-30,-16,-23,-18,-58,-48,-47,-47,-53,-27,-50,0,0,21,28,77,77,74,48,51,55,57,57,60,36,137,122,197,170,233,231,308,308,379,254,291,283,258,208,333,338,348,249,323,322,314,301,314,314,314,313,566,567,564,560,532,541,533,527,507,508,480,472,459,448,437,432,271,414,364,351,830,287,758,690,29959,29966,29948,29948,29960,6631,29983,5694,29984,29974,5719,718,29969,29970,29980,29975,29974,29972,29972,29973,29973,29974,29974,29975,29976,29977,29977,29978,29979,29980,29980,29975,29987,29985,29985,29986,29986,29987,29990,29991]} 1. d4 e6 2. c4 Nf6 3. Nf3 d5 4. Nc3 Bb4 5. Bg5 h6 6. Bxf6 Qxf6 7. e3 O-O 8. Rc1 Nc6 {[%cal Bb8c6,Bc6e7,Be7f5][%mdl 32]} 9. cxd5 exd5 10. Be2 {D38: Queen's Gambit Declined: Ragozin Defence (4 Nf3 Bb4).} (10. Bd3 {feels hotter.} Ne7 11. Qb3 Qd6 12. O-O Ba5 13. Na4) 10... Ne7 11. a3 Bxc3+ 12. Rxc3 {The position is equal.} c6 13. O-O Nf5 14. b4 Nd6 15. Ne5 {[#]} Be6 $146 ({Predecessor:} 15... Bf5 16. Qb3 a5 17. Rcc1 Qe7 18. b5 Nxb5 19. Bxb5 cxb5 20. Rc5 b4 21. axb4 b6 {0-1 (44) Parente,A (2088)-Mende,I (2419) ICCF email 2017}) 16. Qb3 Rfc8 17. Bd3 Bf5 18. Rc2 Bxd3 19. Qxd3 Qe6 20. Rfc1 f6 21. Qg6 Qe8 22. Qxe8+ Rxe8 23. Nd3 Nc4 24. a4 a6 25. Nc5 b6 26. Nb3 f5 27. a5 Rab8 28. axb6 Rxb6 29. Na5 Rxb4 30. Nxc4 dxc4 31. Rxc4 $14 {[%mdl 4096] Endgame KRR-KRR} (31. Kf1 {is interesting.} f4 32. exf4 Re4 33. Rxc4 Rb2 34. R4c2) 31... Rb2 {White stays focused until the end.} (31... Rxc4 $14 32. Rxc4 f4) 32. g3 a5 (32... Rb6 $16 33. Rc5 (33. Rxc6 Rxc6 34. Rxc6 Ra8 $16) 33... Ra8) 33. Rxc6 $18 a4 (33... Reb8 {was called for.} 34. R1c5 Rb1+ 35. Kg2 R1b5 36. Rxb5 Rxb5) 34. Ra6 Reb8 35. Rxa4 Rd2 36. h4 Rbb2 37. Rf1 Kf7 38. h5 Kf6 (38... Re2 $142 39. Ra3 Kf6) 39. Ra6+ Kf7 40. Kg2 Rbc2 41. Kf3 Rb2 42. Rg6 Ra2 43. g4 fxg4+ 44. Rxg4 ({Not} 44. Kxg4 Rxf2 45. Rxf2+ Rxf2 $16) 44... Kf6 $2 (44... Kg8 {keeps fighting.} 45. Re4 Ra5) 45. Rg6+ Kf7 46. Rfg1 Rxf2+ 47. Ke4 Rh2 48. Rxg7+ Kf8 49. Rg8+ Kf7 50. R1g7+ Kf6 51. Rg6+ Kf7 52. R8g7+ Kf8 53. Rh7 Rh4+ 54. Kf3 Ra3 $2 (54... Rxh5 55. Rgxh6 Rf5+ 56. Ke4 Rg5) 55. Re6 $2 (55. Rd6 {[%cal Rd6d8]} Ra8 56. Rdxh6) 55... Rh3+ $2 (55... Rxd4 56. Rb6 Kg8) 56. Kf4 Rh4+ {[#]} 57. Kf5 $1 Ra1 58. Rhxh6 Rf1+ 59. Ke5 Re1 60. Kd5 (60. Rhf6+ $142 Kg8 61. Re8+ Kg7 {[#]} 62. h6+ $1 {[%mdl 512]} Rxh6 63. Re7+ Kg8 64. Rxh6 Rxe3+ 65. Kf6 Rf3+ 66. Ke6) 60... Kg7 61. Rhg6+ Kh7 62. h6 {White wants to mate with Rg7+.} Rh5+ 63. Kd6 {White mates.} Rxe3 64. Rxe3 Kxg6 {KR-KR} 65. Rf3 Rxh6 66. d5 Rh1 67. Kd7 Rd1 68. d6 Kg7 69. Ke7 Re1+ 70. Kd8 Rd1 71. d7 Rd2 72. Rf4 Re2 73. Kc7 Rc2+ 74. Kd6 Rd2+ 75. Ke6 Re2+ 76. Kd5 {Accuracy: White = 78%, Black = 55%.} 1-0

[Event "HUN-ch Rapid 2020"]
[Site "Ajka"]
[Date "2020.07.17"]
[Round "4.21"]
[White "Papp, Petra"]
[Black "Ongut, Tamas Gunes"]
[Result "0-1"]
[WhiteElo "2338"]
[BlackElo "2305"]
[Annotator "TA"]
[PlyCount "164"]
[EventDate "2020.07.17"]
[EventType "swiss"]
[EventCountry "HUN"]
[SourceTitle "playchess.com"]
[Source "ChessBase"]
[SourceQuality "1"]

{[%evp 26,164,33,22,47,42,43,34,51,45,49,50,43,-206,39,0,0,0,0,-68,-71,-91,-103,-85,0,0,0,0,11,26,27,0,0,-236,-250,-545,-545,-594,-598,-579,-593,-591,-588,-564,-585,-577,-561,-957,-954,-943,-906,-811,-805,-804,-798,-795,-794,-781,-765,-738,-728,-790,-768,-29951,-29954,-29953,-29956,-29954,-29956,-12630,-5518,-29960,-29960,-29959,-29961,-29962,-29958,-29958,-29959,-29957,-29957,-29971,-29972,-29972,-29972,-29977,-29971,-29971,-29973,-29967,0,-29971,-29972,-29976,-29964,-29964,-29964,-29965,-29966,-29966,-29966,-29968,-29968,-29968,-29969,-29969,-29969,-29971,-29972,-29971,-29972,-29972,-29973,-29973,-29975,-29979,-29980,-29983,-29984,-29984,-29985,-29987,-29987,-29988,-29986,-29986,-29987,-29989,-29990,-29990,-29991,-29991,-29992,-29992,-29993,-29994,-29995,-29996,-29997,-29997,-29998]} 1. e4 e5 2. Nf3 Nc6 3. Bb5 a6 4. Ba4 Nf6 5. O-O Be7 6. Re1 b5 7. Bb3 O-O 8. c3 d5 9. exd5 Nxd5 10. Nxe5 Nxe5 11. Rxe5 c6 12. d3 Bd6 13. Re1 Bf5 14. Qf3 Re8 {C89: Closed Ruy Lopez: Marshall Attack.} 15. Rxe8+ $1 Qxe8 {[%cal Re8e1]} 16. Nd2 Qe1+ {White is slightly better.} 17. Nf1 Bg6 18. g3 Re8 {[#]} 19. Bc2 $146 (19. Bd1 $14 {keeps the upper hand.}) ({Predecessor:} 19. Bd1 Qe6 20. Bd2 Qh3 21. a4 b4 22. Rc1 h6 23. c4 Ne7 24. d4 Qd7 25. Be3 {0-1 (40) Dolmatov,S (2615)-Kamsky,G (2655) Dortmund 1993}) 19... h6 $2 (19... Bc5 $1 $19 {White must now prevent ...Bh5!} 20. Rb1 Bh5 $1 {[%mdl 576] Back Rank}) 20. Rb1 Qe2 21. Qxe2 Rxe2 $40 {[%mdl 128] Black mounts an attack.} 22. Bd2 (22. Bd1 $1 $11 Bxd3 23. Bxe2 Bxb1 24. a3) 22... Bc5 $15 23. d4 {aiming for Bxg6.} Bxc2 24. Rc1 {[#]} Bb6 ({Black should try} 24... Bf5 $1 $17 {Hoping for ...Bb6.} 25. dxc5 Bh3) 25. Rxc2 $11 c5 26. Ne3 cxd4 27. cxd4 Nxe3 28. fxe3 {[%mdl 4096] Endgame KRB-KRB} Kh7 {Threatens to win with ...Ba5!} 29. h4 $2 {[#] Black converts the advantage convincingly.} (29. b4 $11 {and White stays safe.}) 29... Ba5 $1 $19 {[%mdl 576] Pin} 30. Kf1 $2 (30. Bxa5 Rxc2 31. d5) 30... Rxd2 {KRB-KR} 31. Rc6 Rxb2 32. Rxa6 Bc7 33. g4 Bg3 34. h5 Rf2+ 35. Kg1 Re2 36. Rb6 Rxa2 37. Rxb5 Bf2+ 38. Kf1 Bxe3 39. d5 Ra4 40. Ke2 Bg5 41. Kf3 Rf4+ 42. Kg3 Rd4 43. Ra5 g6 44. hxg6+ Kxg6 45. Ra6+ f6 46. Ra5 Kf7 47. Ra7+ Ke8 48. Ra5 Kd7 49. Kf3 Kd6 50. Ra8 Kxd5 51. Rd8+ Kc4 52. Rc8+ Kd3 53. Rc6 Rf4+ 54. Kg3 Re4 55. Rd6+ Ke3 56. Ra6 Bf4+ 57. Kh4 Bg5+ 58. Kg3 $1 Ke2 {Black mates.} 59. Ra2+ Kd3 60. Ra3+ Kc4 61. Ra4+ Kd5 62. Ra5+ Ke6 63. Ra7 Re3+ 64. Kf2 Rb3 65. Ra5 Kf7 66. Ra8 Bh4+ 67. Ke2 Rg3 68. Ra4 Kg6 69. Rc4 Kg5 70. Rc8 Kxg4 71. Rg8+ Bg5 72. Ra8 f5 73. Kf2 f4 74. Ra1 Bh4 75. Ke2 f3+ 76. Kf1 Bg5 77. Ra4+ Bf4 78. Ra6 Rg2 79. Rg6+ Bg5 80. Ra6 Kg3 81. Ra3 Rb2 {[%cal Rb2b1]} 82. Ra1 Rh2 {Accuracy: White = 52%, Black = 82%.} 0-1